00519nam a2200169 450000500170000001000150001702000270003203500140005903700130007308200110008610000240009724500540012126000350017527000650021030000240027550000500029920200123121902.0 aENG-127523 c1395.00a9789382730590 aEN-111055 bDBAD/PUB a370.15 aTambe,Shashikant L. aPsychology of Education/cby Shashikant L. Tambe, aKanpurbGarima Prakashanc2017 a1st floor, Mayur Park, Basant Vihar NaubastabKanpure208021 avi;328p.c22cm(pbk) aincludes bibliographical references and index